000
00297nam a22001337a 4500
008
181031b xxu||||| |||| 00| 0 eng d
020
_a
0071396985
041
_a
eng
080
_a
339
100
_a
59
101
_a
TRE
245
_a
The Market is Always Right
_c
Cafferty,Th.A
942
_2
udc
_c
BK
999
_c
51298
_d
51298